Compliance is key (Record no. 82802)
[ view plain ]
| 000 -LEADER | |
|---|---|
| fixed length control field | 00947cab a22002175a 4500 |
| 001 - CONTROL NUMBER | |
| control field | L151478 |
| 008 - FIXED-LENGTH DATA ELEMENTS--GENERAL INFORMATION | |
| fixed length control field | 101108e20101030xxk 000 0 eng d |
| 035 ## - SYSTEM CONTROL NUMBER | |
| System control number | (Sirsi) u151478 |
| 041 0# - LANGUAGE CODE | |
| Language code of text/sound track or separate title | eng |
| 100 1# - MAIN ENTRY--PERSONAL NAME | |
| Personal name | Jordan, Paul |
| 245 00 - TITLE STATEMENT | |
| Title | Compliance is key |
| 260 ## - PUBLICATION, DISTRIBUTION, ETC. | |
| Date of publication, distribution, etc. | 2010 |
| 490 ## - SERIES STATEMENT | |
| Series statement | Estates Gazette |
| Volume/sequential designation | (1043) 30 October 2010, 92-93(2) |
| 520 ## - SUMMARY, ETC. | |
| Summary, etc. | Reminds estate agents about the importance of ensuring that their marketing communications comply with the "UK Code of Non-Broadcast Advertising, Sales Promotion and Direct Marketing". Refers to complaints involving estate agents which have been considered by the Advertising Standards Authority. Marketing checklist offering advice to ensure compliance with the Code. |
| 590 ## - LOCAL NOTE (RLIN) | |
| Local note | KA |
| 650 24 - SUBJECT ADDED ENTRY--TOPICAL TERM | |
| Topical term or geographic name entry element | UK CODE OF NON-BROADCAST ADVERTISING, SALES PROMOTION AND DIRECT MARKETING |
| 651 #4 - SUBJECT ADDED ENTRY--GEOGRAPHIC NAME | |
| Geographic name | United Kingdom |
| Chronological subdivision | |
| 690 ## - LOCAL SUBJECT ADDED ENTRY--TOPICAL TERM (OCLC, RLIN) | |
| Topical term or geographic name as entry element | PROPERTY-PROPERTY AGENCY |
| 700 1# - ADDED ENTRY--PERSONAL NAME | |
| Personal name | Morris, Jacky |
| 942 ## - ADDED ENTRY ELEMENTS (KOHA) | |
| Suppress in OPAC | 0 |
| Withdrawn status | Lost status | Source of classification or shelving scheme | Damaged status | Not for loan | Home library | Current library | Shelving location | Date acquired | Total Checkouts | Full call number | Barcode | Date last seen | Copy number | Price effective from | Koha item type |
|---|---|---|---|---|---|---|---|---|---|---|---|---|---|---|---|
| Dewey Decimal Classification | London | London | Journal article | 08/11/2010 | L152478 | 151478-1001 | 06/08/2019 | 1 | 06/08/2019 | Journal article |